000 00372pab a2200157 454500
008 180718b2004 xxu||||| |||| 00| 0 eng d
100 _aKrishnakumari, D.B.
245 _aInterventions for combating gender violence
260 _c2004
300 _ap.18,23-27.
362 _aDec
650 _aViolence
650 _aWomen
773 _aSocial Welfare
909 _a63419
999 _c63419
_d63419